000 00300nam a22001337a 4500
008 170405b xxu||||| |||| 00| 0 eng d
020 _a9780443065569
041 _aeng
080 _a616.15
100 _a9
101 _aSHM
245 _aCLINICAL HEMATOLOGY AND ONCOLOGY
_cFURIE, B
942 _2udc
_cBK
999 _c9889
_d9889